000
00334nam a2200145Ia 4500
999
_c
14184
_d
14184
003
OSt
005
20260312112347.0
008
260210s9999 xx 000 0 und d
020
_a
9787503864797
082
_a
728.37
100
_a
J Tart
245
0
_a
100 Top Houses & Landscapes III
260
_b
J Tart
_c
2010
942
_c
BPLAN
_2
ddc